000 01105nam0a2200349 i 4500
001 RU\NLR\BIBL_A\010910210
005 20241103074214.0
010 _a9785990721739
_9500
021 _aRU
_b2015-85152
_95209
035 _a(NILC)RuMoRGB-008057829
035 _a(NLR Aleph) 010910210
090 _a10626546
_c10626546
100 _a20151123d2015 m y0rusy50 ca
101 0 _arus
102 _aRU
105 _aa z 000yy
200 1 _aПечи-барбекю
_fА. А. Карелин, Е. А. Карелин
210 _aАрхангельск
_cПравда Севера
_d2015
215 _a141 с.
_cил.
_d26
333 _a16+
606 1 _aПечи хозяйственно-бытового назначения
_91902465
_3RU\NLR\AUTH\66866231
606 _aБарбекю
_92197087
_3RU\NLR\AUTH\661320431
675 _a693.22
675 _a697.243.3/.5
686 1 _aН762.107.101
700 1 _aКарелин
_bА. А.
701 1 _aКарелин
_bЕ. А.
801 0 _aRU
_bРГБ
_c20151030
_gRCR
942 _cBOOK
980 _aNBR